000 00712cam a22002411a 4500
001 l 38000113
003 DLC
005 20260227111536.0
008 771020s1938 dcua f000 0 eng
010 _al 38000113
035 _a(OCoLC)3356799
040 _aDLC
_cMi
_dMnHi
_dDLC
042 _apremarc
043 _an-us---
045 2 _ax2x3
050 0 0 _aHD6093
_b.A35 no. 159
100 1 _aPidgeon, Mary Elizabeth.
245 1 0 _aTrends in the employment of women, 1928-36 /
_cby Mary Elizabeth Pidgeon.
260 _aWashington :
_bU.S. G.P.O.,
_c1938.
300 _av, 48 p. :
_bill. ;
_c23 cm.
440 0 _aBulletin of the Women's Bureau. ;
_vno. 159.
650 0 _aWomen
_xEmployment
_zUnited States.
999 _c36263
_d36263